Pokémon Characters by Quotes - Statistics

General Stats
  • This quiz has been taken 80 times
  • The average score is 11 of 20
Answer Stats
Quote Character % Correct
To protect the world from devistation. Jessie
90%
A Caterpie may change into a Butterfree, but the heart that beats inside remains the same. Brock
86%
To unite all people within our nation. James
86%
I just caught a [Pokémon], and it's all mine! Ash
80%
The future is now, thanks to science! Clemont
80%
You're a keeper! Will you take care of my brother? Bonnie
74%
You said you had a dream... that dream... make it come true! N
74%
You're such a kid, Ash! Iris
72%
I just caught a [Pokémon]! Which means there's a new chapter in my book! Serena
68%
As the journey continues... Narrator
66%
I can touch Pokémon! Theoretically, if I really, really wanted to! I just choose not to! Lillie
60%
The future's in the palm of my hand! Goh
54%
Embraced by the sea. Past the ocean's horizon. Lana
52%
Maybe if we started looking at what's the same instead of what's different, well, who knows. Meowth
42%
All our systems... are in total sync! Sophocles
36%
It's because... I always want to be with you. Pikachu
34%
But, the audience can be a bit cruel. They want nothing more than to see one of us lose after all! Leon
22%
What is with you, guys? You're creepy. Chloe
12%
To know Pokémon is to know the world! Cerise
4%
First, let's see if you're even in my league! Lisa
2%
No matching quizzes found
Score Distribution
Percent of People with Each Score
Percentile by Number Answered
Your Score History
You have not taken this quiz